000
00190 a2200097 4500
001
3629
100
_a
Seckler, H.C.A
245
_a
260
_a
_b
Pak Ubst devt eci
_c
090
_c
2893
_d
2893
942
_a
NUST-CAE
_c
_c
21035
999
_c
238702
_d
238702